000 00450nam a2200169Ia 4500
008 210719s2003 xx 000 0 und d
041 _aeng
082 _a657.42 NAYM
100 _aNAYAK (Rajesh K)
245 _aMethods of costing
260 _aMangalore
_bShrathi Printers & Publishers Pvt Ltd.,
_c2003
300 _a870
_bPB
365 _b150
_cRs
650 _aCost Accounting
650 _aCost Accounting
906 _acosting ; Methods ; of
999 _c214609
_d214609